000 00782 a2200205 4500
005 2008082600310.0
008 080826t xxu||||| |||| 00| 0 eng d
010 _aENG-87197
020 _a0761934952
_c260.00
035 _aEN-70730
037 _bDBAD / PUB
082 _a658.8102
100 _aVenugopal, Pingali
245 _aManaging your sales force
_ba motivational approach
_cby Pingali Venugopal
260 _aNew Delhi
_bResponse Books
_c2006
270 _aB-42, Panchsheel Enclave
_bNew Delhi
_e110 017
300 _a184 p.
_c21 cm ( pbk.)
942 _adpl
_cEN
_k658.8102 / VEN
_2ddc
_h658.8102
_mVEN
999 _c6227
_d6227